| 000 | 00597nam a2200193Ia 4500 | ||
|---|---|---|---|
| 008 | 151119s9999||||xx |||||||||||||| ||und|| | ||
| 082 | _a30 | ||
| 082 | _bGKKV28904 | ||
| 100 | _aकवी माधवी | ||
| 245 | _aविज्ञान - प्रश्न मंजूषा | ||
| 260 | _a-- | ||
| 260 | _b-- | ||
| 260 | _c1989 | ||
| 600 | _aकवी माधवी | ||
| 630 | _aविज्ञान - प्रश्न मंजूषा | ||
| 700 | _aकवी माधवी | ||
| 730 | _aविज्ञान - प्रश्न मंजूषा | ||
| 942 | _cBOOK | ||
| 999 |
_c1081277 _d1081274 |
||